000 01400naa a22003737a 4500
001 BR8301012
003 BR-BrBNA
005 20240918175229.0
007 ta
008 230509b bl.||||| |||| 00| 0 por d
040 _aBR-BrBNA
_bpor
_cBiblioteca Nacional de Agricultura
041 _a(Pt)
072 _aE15; P05
_b0240
_b8961
090 _aE15 BR8301012
100 1 _aPorto, V.H. da F.
100 1 _aBerny, P.
100 1 _aRaupp, A.A.A.
100 1 _aCordeiro, D.S.
100 1 _aAlquati, P.H.
111 1 _a11. Reuniao Tecnica Anual do Sorgo
_cPelotas, RS (Brazil)
_d10 Aug 1982
245 1 _aEstimativa preliminar dos custos diretos do litro de alcool, de uma microdestilaria, a partir do sorgo sacarino
246 1 _a[Preliminary estimation of direct costs of the alcohol liter, in a microdistillery, from saccharine sorghum]
246 1 _a[Annals of the 11. Technical yearly Meeting of Sorghum]
260 3 _aPelotas, RS (Brasil):
_c1982.
500 _aAnais da 11. Reuniao Tecnica Anual do Sorgo Pelotas, RS (Brasil): 1982. p. 155-160 (BR8301012-AM)E15
650 _aSORGO ACUCAREIRO
650 _aALCOOL
650 _aCUSTO DE PRODUCAO
650 _aINSUMO
650 _aDESTILARIA
773 0 _tAnais da 11. Reuniao Tecnica Anual do Sorgo
_wE15 BR8301012
_gPelotas, RS (Brasil), 1982. p. 155-160
909 _a202404
_bLucia
_c55
_dLucia Elande
942 _cAM
_2AGRIS
999 _c315762
_d315762